000 00811nam a22002417a 4500
005 20170124110119.0
010 _aB-044057
020 _c40.00
_a812370643
035 _aB-044057
037 _bCen Lib/Ret
040 _aDPL
_bEN
082 _a701.88
_bAGR
100 _aAgrawal, O. P.
_9104445
245 _aPreservation of art objects and library materials /
_cby O. P. Agrawal
260 _aNew Delhi
_bNational Book Trust
_c1993
270 _bNew Delhi
_aA-5 Green Park
_e110016
300 _axvi,112p. :
_c20cm(Hb)
_bcol.ill.
490 _aPopular science
500 _aIncludes bibliographical references
650 _aArt objects -- Conservation and restoration
_9104446
650 _aLibrary materials -- Conservation and restoration
_9104447
942 _2ddc
_cEN
_h701.88
_mAGR
999 _c130871
_d130871